00485 2200205 4500001002100000005001500021035002000036007000300056008004100059082001200100084001800112100001500130245002300145250001200168260003500180300002300215600002300238856000800261990001000269INLIS00000000000017920260209083951 a0010-0226000070ta260209 0  a297.211 a297.211 AL- r0 aAL-GHAZALI1 aRAHASIA ILMU GHAIB aPERTAMA aSurabaya :bAMPEL MULIA,c2002 a147 hlm ;c20,5 cm 4aRAHASIA ILMU GHAIB a200 a1.088